12 signes astrologiques en 30 secondes - Statistiques

Statistiques générales
  • Ce quiz a été pris 313 fois
  • Le résultat moyen est 9 sur 12
Statistiques - réponses
Réponse % Correct
Bélier
85%
Poisson
83%
Lion
81%
Vierge
81%
Cancer
80%
Capricorne
80%
Taureau
80%
Balance
77%
Gémeaux
76%
Verseau
76%
Scorpion
75%
Sagittaire
74%
Aucun quiz correspondant
Distribution des résultats
% des personnes avec chaque résultat
Percentile par nombre de réponses
Votre historique - résultats
Vous n’avez pas pris ce quiz